MARC

LEADER 00000nam0a2200000 4500
001 334299
005 20231102004636.0
035 |a (RuTPU)RU\TPU\book\360347 
090 |a 334299 
100 |a 20170719d1964 km y0gery50 ba 
101 0 |a ger 
102 |a DE 
105 |a a z 001zy 
200 1 |a Einführung in die Elektronentheorie organisch-chemischer Reaktionen  |f H. Becker 
205 |a 2., durchgesehene Auflage 
210 |a Berlin  |c Veb Deutscher Verlag der Wissenschaften  |d 1964 
215 |a 501 s.  |c il. 
320 |a Literaturanhang s. 483-491 
320 |9 572  |a Sachverzeichnis: s. 492-501 
606 1 |a Органические реакции  |2 stltpush  |3 (RuTPU)RU\TPU\subj\75586  |9 87294 
610 1 |a электронная теория 
610 1 |a химические реакции 
610 1 |a химическая связь 
610 1 |a молекулы 
610 1 |a электроны 
610 1 |a плотность 
610 1 |a реакционная способность 
610 1 |a классификация 
610 1 |a реагенты 
610 1 |a кинетика 
610 1 |a углерод 
610 1 |a атомы 
610 1 |a нуклеофильное замещение 
610 1 |a нуклеофильное замещение 
610 1 |a отщепление 
610 1 |a электронные пары 
610 1 |a химические процессы 
610 1 |a перегруппировки 
610 1 |a нуклеофильные центры 
610 1 |a свободные радикалы 
610 1 |a реакции 
610 1 |a немецкий язык 
675 |a 547:544.4  |v 4 
700 1 |a Becker  |b H.  |g Heinz 
801 1 |a RU  |b 63413507  |c 20170719 
801 2 |a RU  |b 63413507  |c 20201216  |g RCR 
942 |c BK